Music Quiz

Random Music or Artist Quiz

90s One-Hit Wonders given the Lyrics Quiz Stats

 Plays Quiz not verified by Sporcle

Also try: Songs That Go 'Up'
Challenge
Share
Tweet
Embed
Score 0/40 Timer 10:00
0 Plays Today
Lyrics Song % Correct
A little bit of Monica in my life, a little bit of Erica by my sideMambo No. 5
82.1%
I'm a child, I'm a mother, I'm a sinner, I'm a saint, I do not feel ashamedBitch
71.4%
He drinks a whiskey drink, He drinks a vodka drink, He drinks a lager drink, He drinks a cider drink, He sings the songs that remind him of the good times, He sings the songs that Tubthumping
70.2%
I think I, remember that film, and, as I recall, I think, we both kind of liked itBreakfast at Tiffany's
66.9%
Stop, collaborate and listenIce Ice Baby
66.4%
Backbeat, the word on the street was the fire in you heart was out.Wonderwall
65.6%
I know who I want to take me homeClosing Time
61.5%
She looks like one of those... rap guys girlfirendsBaby Got Back
61.2%
Baby don't hurt meWhat is Love?
52.4%
In the time of chimpanzees I was a monkeyLoser
51.8%
Love me love me say that you love meLovefool
50.5%
You marry him, your father will condone you (how 'bout that now?) you marry me your father will disown you (he'll eat his hat now)Two Princes
46.1%
It's been seven hours and fifteen days since you took your love awayNothing Compares 2 U
42.7%
For the life of me I cannot believe we'd ever die for those sinsThe Freshmen
41.2%
Hangin' round downtown by myselfSex and Candy
40.9%
I don't angry when my mom smokes pot, hits the bottle and goes right to the rock.What I Got
39.7%
I've never had to knock on wood, though I know somone who hasThe Impression That I Get
39.1%
tiene un novio que se llama, que se llama de apellido Vitorino, y en la jura de bandera el muchacho, se metio con dos amigosMacarena
39.1%
And all I can do is read a book to stay awake, and it rips my life away, but it's a great escape No Rain
36.5%
They were put there by a man, in a factory downtown.Peaches
34.3%
Lyrics Song % Correct
Cause then there was this boy whose parents made him come directly home right after school and when they went to their church. They shook and lurched all over the church floorMmm Mmm Mmm Mmm
29.5%
All I wanna do is zoom-a-zoom-zoom-zoom and a boom-boomRump Shaker
28.9%
We've all seen the man at the liquor store begging for your changeWhat It's Like
28.7%
Up the stairs, to her apartment, she is balled up on the couchBrick
28.2%
I'd been married a long time agoCotton Eye Joe
26.9%
No way I'm disco dancingI'm Too Sexy
25.8%
Have you ever met a girl that you tried to date, but a year to make love she wanted you to wait Just a Friend
25.7%
They deftly manuver and muscle for rank, fuel burning fast on an empty tankThe Distance
25.6%
There's a log on the fire and it burns like me for you Save Tonight
21.8%
There's no load I can't hold, road so rough this I know. I'll be there when the light comes in tell 'em we're survivors Life is a Highway
21.5%
I'll take you down the only road I've ever been downBitter Sweet Symphony
20.1%
Well you got your reasons, and you got your lies, and you got your manipulations, that cut me down to sizeIf You Could Only See
20.1%
I never eat a pig because a pig is a copJump Around
19.6%
You have so many relationships in this life, only one or two will last MMMBop
14.2%
You can tell my arms to go back onto the phone You can tell my feet to hit the floorAchy Breaky Heart
12.9%
You're gonna wait too, fat boyTomorrow
10.6%
Ring master steps out and says 'the elephants left town' People jump and jive, but the clowns have stuck aroundHow Bizarre
10.3%
Situation no win. Rush for the change in atmosphereRush
8.6%
Bob Dylan didn't have this to sing about you, you know it feels good to be alive Right Here, Right Now
5.2%
Yeah, rock to the rhythm of the funky rhyme so I can get this in just one more timeLet Me Clear My Throat
3.9%

You're not logged in!

Compare scores with friends on all Sporcle quizzes.
Join for Free
OR
Log In

You Might Also Like...

Show Comments

Extras

Top Quizzes Today


Score Distribution

Your Account Isn't Verified!

In order to create a playlist on Sporcle, you need to verify the email address you used during registration. Go to your Sporcle Settings to finish the process.

Report this User

Report this user for behavior that violates our Community Guidelines.

Details: